000 00253nam a2200097Ia 4500
008 120527s9999 xx 000 0 und d
100 _aWillem,C
245 _aRaising and Sustaining Productivity of small holder farming sys
260 _bAgBe
942 _cBK
999 _c21121
_d21121